00515 a2200157 4500020001200000035001200012037004300024082000800067245011900075250001400194260002500208300004800233700002000281700002400301700003200325 c2068.00 aB-28064 bRP-BLI-58 / NCP-01-02:1 / RP-01-02:ENG14a6171 aBaily & Love's short practice of surgerycedited by R.C.G. Russell, Norman S. Williams, Christopher J.K. Bulstrode a23th ed. aLondonbArnoldc2000 ax, 1348 pb Photos (B&W, Col.)c28 cm (pbk) aRussell, R.C.G. aWilliams, Norman S. aBulstrode, Christopher J.K.